[Event "Elit(Rockaden,Sthlm-Wasa)"]
[Site "?"]
[Date "2010.01.16"]
[Round "6"]
[White "Hanninger, Simon"]
[Black "Safholm, Sten"]
[Result "1-0"]
[WhiteElo "2292"]
[BlackElo "2042"]
[PlyCount "97"]

1. e4 c5 2. Nc3 Nc6 3. g3 g6 4. Bg2 Bg7 5. d3 d6 6. Be3 Nf6 7. h3 Rb8 8. Nge2
b5 9. Qd2 b4 10. Nd1 Bd7 11. Bh6 Rg8 12. Bxg7 Rxg7 13. O-O h5 14. a3 a5 15.
axb4 axb4 16. Ne3 Qc8 17. Kh2 Rh7 18. c3 e6 19. Nc4 Ke7 20. Qg5 Qd8 21. f4 Kf8
22. Nxd6 e5 23. Kg1 Ne8 24. Qxd8 Nxd8 25. fxe5 bxc3 26. bxc3 Ke7 27. Nxe8 Kxe8
28. Ra5 Rb2 29. Nf4 Nb7 30. Ra8+ Nd8 31. Nd5 Rh8 32. Rfa1 Bc6 33. R8a6 Kd7 34.
h4 Ke6 35. d4 cxd4 36. cxd4 Kd7 37. Ra7+ Ke8 38. Rc7 Kf8 39. Rc1 Bb7 40. Nf4
Rb3 41. Kf2 Rb6 42. d5 Rg8 43. Rd7 Ke8 44. Rd6 Rb2+ 45. Kg1 Rb3 46. Kh2 Rb2 47.
Rc7 Ra2 48. Rcd7 Ra8 49. Bf1 1-0

[Event "Elit(Rockaden,Umea-Farsta)"]
[Site "?"]
[Date "2010.01.16"]
[Round "6"]
[White "Backelin, Rikard"]
[Black "Eriksson, Jorgen"]
[Result "1-0"]
[WhiteElo "2428"]
[BlackElo "2319"]
[PlyCount "75"]
[EventDate "2010.??.??"]

1. e4 e5 2. Bc4 Nf6 3. d3 Nc6 4. Nf3 Bc5 5. c3 d6 6. Nbd2 O-O 7. Bb3 h6 8. Nf1
d5 9. exd5 Nxd5 10. Ng3 Be6 11. O-O Re8 12. Re1 Bd6 13. Ne4 Bf8 14. Bc2 f5 15.
Ng3 Bd6 16. Bb3 Qf6 17. Nd2 Nb6 18. Qf3 Bxb3 19. axb3 Rf8 20. b4 a6 21. Nb3 Qf7
22. Na5 Nxa5 23. bxa5 Nd7 24. Qxb7 Nc5 25. Qf3 e4 26. dxe4 Bxg3 27. Qxg3 Nxe4
28. Qf3 Qb3 29. h3 Rad8 30. Qe2 Rf6 31. Bf4 g5 32. Bxc7 Rd2 33. Qh5 Rxf2 34.
Qe8+ Kh7 35. Rad1 Rxg2+ 36. Kh1 Nf2+ 37. Kxg2 Nxd1 38. Re7+ 1-0

[Event "Elit(Rockaden,Umea-Farsta)"]
[Site "?"]
[Date "2010.01.16"]
[Round "6"]
[White "Forsberg, Viktor"]
[Black "Hjelm, Niclas"]
[Result "1/2-1/2"]
[WhiteElo "2351"]
[BlackElo "2397"]
[PlyCount "41"]

1. Nf3 d5 2. d4 Nf6 3. c4 c6 4. Nc3 dxc4 5. a4 e6 6. e3 c5 7. Bxc4 Nc6 8. O-O
cxd4 9. exd4 Be7 10. Re1 O-O 11. Bg5 Bd7 12. Qd2 Nb4 13. Ne5 Bc6 14. Nxc6 bxc6
15. Rad1 Rb8 16. Re3 Nbd5 17. Rh3 Nxc3 18. bxc3 Ne4 19. Bxe7 Nxd2 20. Bd3 Qxe7
21. Bxh7+ 1/2-1/2

[Event "Elit(Rockaden,Umea-Farsta)"]
[Site "?"]
[Date "2010.01.16"]
[Round "6"]
[White "Livner, Anders"]
[Black "Hammar, Ulf"]
[Result "1/2-1/2"]
[WhiteElo "2396"]
[BlackElo "2270"]
[PlyCount "138"]
[EventDate "2010.??.??"]

1. d4 d5 2. c4 c6 3. Nc3 dxc4 4. e3 b5 5. a4 b4 6. Ne4 Qd5 7. Nd2 Ba6 8. Qc2 b3
9. Qc3 Nf6 10. Ngf3 e6 11. Bxc4 Bxc4 12. Nxc4 Na6 13. Qxb3 Rb8 14. Qc2 Bb4+ 15.
Ncd2 O-O 16. O-O c5 17. e4 Qh5 18. Qc4 Nc7 19. e5 Nfd5 20. dxc5 Bxd2 21. Bxd2
Rxb2 22. Ba5 Rfb8 23. Rad1 h6 24. c6 R2b3 25. Bxc7 R8b4 26. Qe2 Nxc7 27. Rd8+
Kh7 28. Rd3 Rb2 29. Qd1 Qf5 30. Rd7 Rb1 31. Qd3 Qxd3 32. Rxd3 Nd5 33. g3 Rxf1+
34. Kxf1 Rxa4 35. Nd4 Rc4 36. Ke2 Nb4 37. Rd2 Nxc6 38. Nxc6 Rxc6 39. Rd7 a5 40.
Rxf7 Ra6 41. Rf3 a4 42. Ra3 Kg6 43. f4 Kf5 44. Kf3 g5 45. g4+ Kg6 46. Ke4 gxf4
47. Kxf4 h5 48. gxh5+ Kxh5 49. Rh3+ Kg6 50. Rg3+ Kf7 51. Ra3 Ra8 52. Kg5 Kg7
53. Kh5 Ra5 54. Kg4 Kg6 55. Kf4 Kf7 56. Kg4 Ke7 57. h4 Kf7 58. h5 Kg7 59. Kh4
Kh6 60. Kg4 Ra8 61. Kh4 Ra7 62. Kg4 Ra5 63. Kh4 Rxe5 64. Rxa4 Rxh5+ 65. Kg3 Rf5
66. Rh4+ Kg6 67. Rg4+ Kf6 68. Rf4 Ke5 69. Rxf5+ exf5 1/2-1/2

[Event "Elit(Rockaden,Umea-Farsta)"]
[Site "?"]
[Date "2010.01.16"]
[Round "6"]
[White "Malmstig, Erik"]
[Black "Svensk, Ingemar"]
[Result "1-0"]
[WhiteElo "2307"]
[BlackElo "2259"]
[PlyCount "61"]
[EventDate "2010.??.??"]
[SourceDate "2010.01.21"]

1. d4 e6 2. c4 d5 3. Nc3 Nf6 4. cxd5 exd5 5. Bg5 Be7 6. Qc2 c6 7. f3 Na6 8. a3
Nc7 9. e3 Nh5 10. Bxe7 Qxe7 11. e4 f5 12. O-O-O fxe4 13. fxe4 dxe4 14. Bc4 Nf6
15. Re1 Bf5 16. Qa4 Be6 17. Bxe6 Qxe6 18. Nf3 O-O 19. Ng5 Qd7 20. Qb3+ Ncd5 21.
Ngxe4 Kh8 22. Nc5 Qg4 23. Nxd5 Nxd5 24. h3 Qf4+ 25. Kb1 b6 26. Ne6 Qf5+ 27. Ka1
Rf7 28. Re5 Qf6 29. Qc2 Rc8 30. Ng5 g6 31. Rxd5 1-0

[Event "Elit(Rockaden,Umea-Farsta)"]
[Site "?"]
[Date "2010.01.16"]
[Round "6"]
[White "Engman, Rickard"]
[Black "Jaderberg, Bjorn"]
[Result "1-0"]
[WhiteElo "2216"]
[BlackElo "2243"]
[PlyCount "57"]
[EventDate "2010.??.??"]

1. d4 Nf6 2. c4 e6 3. Nc3 Bb4 4. Qc2 b6 5. e4 Bb7 6. Bd3 Nc6 7. Nf3 Bxc3+ 8.
bxc3 d6 9. O-O Nd7 10. Nd2 e5 11. Nb3 Qe7 12. Qe2 a5 13. a4 f6 14. Ba3 Ncb8 15.
f4 Na6 16. fxe5 fxe5 17. Rf3 Nf6 18. c5 dxc5 19. dxc5 Nxc5 20. Nxc5 bxc5 21.
Bb5+ c6 22. Bc4 O-O-O 23. Rb1 Kc7 24. Qb2 Kb8 25. Qb6 Rd7 26. Bxc5 Qd8 27. Qa7+
Kc8 28. Be6 Qc7 29. Rd3 1-0

[Event "Elit(Rockaden,Umea-Farsta)"]
[Site "?"]
[Date "2010.01.16"]
[Round "6"]
[White "Wieweg, Johnny"]
[Black "Larsson, Johan"]
[Result "1-0"]
[WhiteElo "2215"]
[BlackElo "2145"]
[PlyCount "65"]

1. e4 c6 2. d4 d5 3. e5 c5 4. dxc5 e6 5. Be3 Nh6 6. c3 Nf5 7. Bd4 Nd7 8. b4 a5
9. Nf3 axb4 10. cxb4 b6 11. Bb5 bxc5 12. bxc5 Qa5+ 13. Nc3 Bxc5 14. Rc1 Nxd4
15. Nxd4 O-O 16. O-O Ba3 17. Nc6 Qb6 18. Rb1 Qc7 19. f4 Ba6 20. Nxd5 exd5 21.
Qxd5 Bb7 22. e6 Nf6 23. exf7+ Kh8 24. Qe6 Rac8 25. Ne5 Be4 26. Rb3 Qe7 27. f5
Rc2 28. Rg3 Bd5 29. Ng6+ hxg6 30. Rh3+ Nh5 31. Qxg6 Rxg2+ 32. Qxg2 Bc5+ 33. Rf2
1-0

[Event "Elit(Rockaden,Umea-Farsta)"]
[Site "?"]
[Date "2010.01.16"]
[Round "6"]
[White "Lindgren, Mats"]
[Black "Iversen, Kent"]
[Result "1-0"]
[WhiteElo "2202"]
[BlackElo "2078"]
[PlyCount "91"]

1. e4 c5 2. c3 Nf6 3. e5 Nd5 4. d4 cxd4 5. Nf3 Nc6 6. Bc4 Nb6 7. Bb3 d6 8. exd6
Qxd6 9. O-O Be6 10. Bxe6 Qxe6 11. Nxd4 Nxd4 12. Qxd4 Rd8 13. Qh4 Qe2 14. Bd2
Qc4 15. Qg3 g6 16. Re1 Bg7 17. Bg5 f6 18. Na3 Qc6 19. Be3 Nc8 20. Nc2 e5 21. f4
O-O 22. fxe5 fxe5 23. Qg4 a5 24. Rad1 h5 25. Qe2 Nd6 26. Rf1 Nf5 27. Bf2 Nd6
28. Ne3 Ne4 29. Rxd8 Rxd8 30. Qc4+ Kh7 31. Qxc6 bxc6 32. Nc4 a4 33. Re1 Nxf2
34. Kxf2 Rd5 35. Ke2 Kh6 36. Nb6 Ra5 37. Kf3 Kg5 38. Ke4 Kf6 39. Rd1 Ke7 40.
Rd7+ Kf6 41. Rc7 a3 42. b4 Ra6 43. Rxc6+ Kf7 44. b5 Ra7 45. c4 Bf8 46. Nd5 1-0

[Event "Elit(Upsala-Vasteras)"]
[Site "?"]
[Date "2010.01.16"]
[Round "6"]
[White "Akesson, Ralf"]
[Black "Johansson, Jan"]
[Result "1/2-1/2"]
[WhiteElo "2504"]
[BlackElo "2430"]
[PlyCount "64"]
[EventDate "2010.??.??"]

1. d4 Nf6 2. c4 e6 3. Nf3 d5 4. Nc3 Nbd7 5. Bg5 c6 6. e3 Qa5 7. Nd2 Bb4 8. Qc2
O-O 9. Be2 dxc4 10. Bxf6 Nxf6 11. Nxc4 Qf5 12. Bd3 Qh5 13. a3 Bxc3+ 14. Qxc3 b6
15. Be2 Qh4 16. Nd6 Bd7 17. O-O Nd5 18. Qd2 Qe7 19. Nc4 Rfd8 20. e4 Nc7 21. Qe3
Be8 22. Rfd1 c5 23. dxc5 bxc5 24. e5 Nb5 25. Bf3 Rab8 26. Be4 Nd4 27. Rac1 Bb5
28. b4 Ba4 29. Rd3 Bb5 30. Rdd1 Ba4 31. Rd3 Bb5 32. Rdd1 Ba4 1/2-1/2

[Event "Elit(Upsala-Vasteras)"]
[Site "?"]
[Date "2010.01.16"]
[Round "6"]
[White "Lundvik, Jonas"]
[Black "Norberg, Johan"]
[Result "1-0"]
[WhiteElo "2330"]
[BlackElo "2339"]
[PlyCount "69"]
[SourceDate "2010.01.21"]

1. Nf3 g6 2. d4 Bg7 3. g3 b6 4. Bg2 Bb7 5. O-O e6 6. c4 Ne7 7. Nc3 O-O 8. e4 d5
9. cxd5 exd5 10. e5 c5 11. Re1 Nbc6 12. Bf4 Bc8 13. Rc1 Be6 14. dxc5 bxc5 15.
Ng5 h6 16. Nxe6 fxe6 17. Na4 c4 18. h4 Nb4 19. Bf1 Nf5 20. Qd2 Nc6 21. b3 Qe8
22. Bg2 g5 23. hxg5 hxg5 24. Bxg5 Nxe5 25. Nc5 c3 26. Rxc3 Ng4 27. Nxe6 Qh5 28.
Rf3 Qh2+ 29. Kf1 Nxg3+ 30. fxg3 Rxf3+ 31. Bxf3 Qxg3 32. Bxg4 Qxg4 33. Qf4 Qh3+
34. Kg1 Re8 35. Re3 1-0

[Event "Elit(Upsala-Vasteras)"]
[Site "?"]
[Date "2010.01.16"]
[Round "6"]
[White "Eriksson, Anders"]
[Black "Marttala, Thomas"]
[Result "1/2-1/2"]
[WhiteElo "2362"]
[BlackElo "2292"]
[PlyCount "43"]

1. Nf3 c5 2. g3 Nc6 3. d4 cxd4 4. Nxd4 Qb6 5. Nb3 Nf6 6. Bg2 e6 7. c4 Be7 8.
O-O O-O 9. e4 d6 10. Nc3 Ne5 11. Qe2 a6 12. Kh1 Qc7 13. Nd2 Rb8 14. f4 Nc6 15.
a4 b6 16. g4 Re8 17. b3 Bb7 18. g5 Nd7 19. Nf3 Bf8 20. Rb1 Nb4 21. Bd2 d5 22.
cxd5 1/2-1/2

[Event "Elit(Upsala-Vasteras)"]
[Site "?"]
[Date "2010.01.16"]
[Round "6"]
[White "Andersson, Fredrik"]
[Black "Nilsson, Andre"]
[Result "1-0"]
[WhiteElo "2331"]
[BlackElo "2321"]
[PlyCount "79"]

1. d4 g6 2. c4 Bg7 3. Nf3 Nf6 4. Nc3 O-O 5. e4 d6 6. Be2 c6 7. O-O a6 8. Qb3
Nbd7 9. Rd1 Qc7 10. Be3 Ng4 11. Bg5 Re8 12. Rac1 e5 13. d5 c5 14. Qc2 h6 15.
Bd2 Rf8 16. Rf1 Rb8 17. a3 Qd8 18. b4 Ngf6 19. Ne1 Ne8 20. Nd3 b6 21. Rb1 Rb7
22. a4 Rc7 23. a5 bxa5 24. bxc5 dxc5 25. Na4 Nd6 26. Bxa5 Nxe4 27. f3 Nd6 28.
Ndxc5 Nxc5 29. Nxc5 Nf5 30. Qd2 Qe7 31. Ne4 Qd7 32. Bxc7 Qxc7 33. c5 Nd4 34.
Bc4 Kh7 35. d6 Qa7 36. Rb6 f5 37. Nc3 Be6 38. Bxe6 Nxe6 39. Qd5 Rc8 40. Qxe6
1-0

[Event "Elit(Upsala-Vasteras)"]
[Site "?"]
[Date "2010.01.16"]
[Round "6"]
[White "Norberg, Erik"]
[Black "Lindberg, Henrik"]
[Result "1-0"]
[WhiteElo "2246"]
[BlackElo "2265"]
[PlyCount "79"]

1. g3 Nf6 2. Bg2 d5 3. c4 e6 4. Nf3 Be7 5. O-O O-O 6. b3 c5 7. cxd5 exd5 8. d4
Nc6 9. Bb2 Ne4 10. dxc5 Bxc5 11. Nc3 Nxc3 12. Bxc3 d4 13. Bb2 Re8 14. Qc2 Qe7
15. Rad1 Bg4 16. h3 Bxf3 17. Bxf3 Rad8 18. Kh2 Ne5 19. Bg2 Nc6 20. Bf3 Ne5 21.
Be4 g6 22. Bg2 Nc6 23. e3 dxe3 24. fxe3 Rxd1 25. Qxd1 Bd6 26. Bd5 Rf8 27. e4
Be5 28. Bc1 Bg7 29. Be3 a6 30. Qc1 Be5 31. Bh6 Bg7 32. Be3 Be5 33. Qc4 Nd8 34.
Qc8 Nc6 35. Rxf7 Qxf7 36. Bxf7+ Kxf7 37. Qxb7+ Ne7 38. Bc5 Re8 39. Qxa6 Ng8 40.
Qc4+ 1-0

[Event "Elit(Upsala-Vasteras)"]
[Site "?"]
[Date "2010.01.16"]
[Round "6"]
[White "Johansson, Carl-Fredrik"]
[Black "Janse, Rasmus"]
[Result "1-0"]
[WhiteElo "2249"]
[BlackElo "2241"]
[PlyCount "83"]

1. d4 e6 2. c4 c5 3. d5 exd5 4. cxd5 Nf6 5. Nc3 d6 6. e4 g6 7. f4 Bg7 8. Nf3
O-O 9. Be2 Bg4 10. O-O Nbd7 11. h3 Bxf3 12. Bxf3 Ne8 13. Qc2 a6 14. g4 Nc7 15.
a4 b5 16. e5 bxa4 17. e6 Nb6 18. f5 Qh4 19. Bg2 Nb5 20. Ne4 Bd4+ 21. Kh1 f6 22.
Bf4 Nxd5 23. Bg3 Ne3 24. Qe2 Qh6 25. e7 Nxf1 26. exf8=Q+ Qxf8 27. Rxf1 Rb8 28.
g5 Re8 29. Qc4+ Kg7 30. gxf6+ Kh8 31. f7 Rd8 32. Bh4 d5 33. Qxd4+ Nxd4 34. Bf6+
Qg7 35. Bxg7+ Kxg7 36. f6+ Kxf7 37. Ng5+ Kg8 38. Bxd5+ Rxd5 39. f7+ Kf8 40.
Nxh7+ Kg7 41. f8=Q+ Kxh7 42. Rf7# 1-0

[Event "Elit(Upsala-Vasteras)"]
[Site "?"]
[Date "2010.01.16"]
[Round "6"]
[White "Burwick, Malte"]
[Black "Sandberg, Richard"]
[Result "1/2-1/2"]
[WhiteElo "2270"]
[BlackElo "2270"]
[PlyCount "81"]
[EventDate "2010.??.??"]

1. e4 g6 2. d4 Bg7 3. Nc3 d6 4. g3 Nf6 5. Bg2 O-O 6. Nge2 Nbd7 7. h3 Rb8 8. a4
c5 9. Be3 b6 10. O-O Bb7 11. g4 cxd4 12. Bxd4 Nc5 13. Ng3 e5 14. Be3 Ne6 15.
Qd2 Ne8 16. Rfd1 a6 17. Nce2 Bf6 18. Ra3 Bc6 19. b4 Qd7 20. Nc3 Be7 21. Bf1
N8c7 22. b5 axb5 23. axb5 Bxb5 24. Nxb5 Nxb5 25. Ra6 Nbd4 26. Kg2 Nc5 27. Ra2
b5 28. Bxd4 exd4 29. Qxd4 Ne6 30. Ra7 Qc6 31. Qb2 Bh4 32. Bd3 Rfc8 33. Qa2 Qc5
34. Rd2 Rc7 35. Ra8 Rxa8 36. Qxa8+ Kg7 37. Qa5 Bxg3 38. fxg3 Nd4 39. Rf2 Ra7
40. Qd8 Qe5 41. Qb6 1/2-1/2

[Event "Elit(Upsala-Vasteras)"]
[Site "?"]
[Date "2010.01.16"]
[Round "6"]
[White "Svensson, Mans"]
[Black "Kimari, Patrick"]
[Result "1-0"]
[WhiteElo "2243"]
[BlackElo "2165"]
[PlyCount "75"]

1. d4 Nf6 2. c4 g6 3. f3 c5 4. d5 Bg7 5. Nc3 e6 6. e4 exd5 7. cxd5 d6 8. Bg5 a6
9. a4 O-O 10. Qd2 Re8 11. Nge2 Qa5 12. Ra3 Nbd7 13. Nc1 Ne5 14. Be2 Rb8 15. O-O
Qc7 16. h3 c4 17. Be3 b6 18. Bd4 Nh5 19. f4 Ng3 20. fxe5 Nxf1 21. Bxf1 Bxe5 22.
b3 cxb3 23. Rxb3 Qe7 24. Bxe5 Qxe5 25. N1e2 Bd7 26. Nd4 b5 27. axb5 axb5 28.
Bxb5 Bxb5 29. Ndxb5 Rec8 30. Ra3 Rc4 31. Qa2 Rb4 32. Ra8 Qe8 33. Rxb8 Qxb8 34.
Qa5 Rb2 35. Nd4 Qc8 36. Nc6 Kg7 37. Qa1 Qb7 38. Na4 1-0

[Event "Elit(Kamraterna-LASK)"]
[Site "?"]
[Date "2010.02.06"]
[Round "7"]
[White "Tikkanen, Hans"]
[Black "Andreasson, Ingvar"]
[Result "1-0"]
[WhiteElo "2504"]
[BlackElo "2434"]
[PlyCount "101"]
[SourceDate "2010.02.09"]

1. d4 Nf6 2. c4 c5 3. d5 Ne4 4. g3 g6 5. Bg2 Qa5+ 6. Nd2 Nd6 7. Qc2 Bg7 8. Ngf3
O-O 9. O-O e5 10. a3 Qd8 11. Ne1 Nf5 12. e3 d6 13. b4 b6 14. Ne4 Nd7 15. Bb2
Nf6 16. Nxf6+ Bxf6 17. e4 Nh6 18. Nd3 Bg7 19. f4 f6 20. h3 Qe7 21. Rae1 Bd7 22.
b5 a6 23. a4 Ra7 24. Kh2 Rfa8 25. Nc1 Nf7 26. f5 g5 27. Bf3 Be8 28. Ne2 axb5
29. axb5 Ra4 30. Ra1 Rxa1 31. Bxa1 Nd8 32. Nc3 h5 33. Bb2 g4 34. hxg4 hxg4 35.
Bxg4 Bh6 36. Qe2 Qg7 37. Kg2 Nb7 38. Bf3 Bf4 39. Bg4 Bh6 40. Bf3 Bf4 41. Rg1
Na5 42. Kf2 Bg5 43. Ra1 Rb8 44. Rh1 Nb3 45. Bh5 Nd4 46. Qd1 Bf7 47. Bxf7+ Kxf7
48. Qh5+ Kg8 49. Na4 Kf8 50. Qh8+ Qg8 51. Bc1 1-0

[Event "Elit(Kamraterna-LASK)"]
[Site "?"]
[Date "2010.02.06"]
[Round "7"]
[White "Svensson, Bengt"]
[Black "Grandelius, Nils"]
[Result "1/2-1/2"]
[WhiteElo "2468"]
[BlackElo "2560"]
[PlyCount "100"]

1. e4 e5 2. Nf3 Nc6 3. Bb5 Nf6 4. Nc3 Bd6 5. O-O O-O 6. Re1 Re8 7. a3 Nd4 8.
Bc4 Bc5 9. d3 d6 10. h3 c6 11. Nxd4 Bxd4 12. Qf3 Bb6 13. Ne2 d5 14. Bb3 Be6 15.
Ng3 dxe4 16. dxe4 Bxb3 17. Qxb3 Nd7 18. Nf5 Qf6 19. Be3 Rad8 20. Rad1 Bxe3 21.
Qxe3 Nb6 22. b3 g6 23. Nh6+ Kg7 24. Ng4 Qf4 25. Qc3 Rxd1 26. Rxd1 h5 27. g3
Qxe4 28. Re1 Nd5 29. Qa1 Qf3 30. Rxe5 Rxe5 31. Nxe5 Qc3 32. Qxc3 Nxc3 33. Kf1
Nb5 34. Nc4 Nd4 35. Ne3 Kf6 36. f4 Ne6 37. Kf2 h4 38. b4 hxg3+ 39. Kxg3 Nd4 40.
c4 b6 41. Kg4 a6 42. a4 b5 43. axb5 axb5 44. cxb5 Nxb5 45. h4 Nd4 46. h5 gxh5+
47. Kxh5 Nf5 48. Nc2 Ne7 49. Nd4 Nd5 50. Nxc6 Nxf4+ 1/2-1/2

[Event "Elit(Kamraterna-LASK)"]
[Site "?"]
[Date "2010.02.06"]
[Round "7"]
[White "Smith, Axel"]
[Black "Svenn, Gosta"]
[Result "1/2-1/2"]
[WhiteElo "2516"]
[BlackElo "2380"]
[PlyCount "104"]

1. d4 Nf6 2. c4 c5 3. d5 e5 4. Nc3 d6 5. e4 Be7 6. h3 O-O 7. Nf3 Nbd7 8. Bd3 a6
9. g4 Rb8 10. Qe2 Ne8 11. Be3 Nc7 12. a4 b6 13. O-O-O b5 14. cxb5 axb5 15. axb5
Nb6 16. b3 Bd7 17. Kc2 Ra8 18. Ra1 Qb8 19. Rxa8 Qxa8 20. Nd2 Rb8 21. Kb2 Nc8
22. Ndb1 Qb7 23. Na3 Na7 24. Ra1 h6 25. Kc2 Qc8 26. Bc4 Qe8 27. Bc1 Naxb5 28.
Naxb5 Nxb5 29. Nxb5 Bxb5 30. Bxb5 Rxb5 31. Ra8 Qxa8 32. Qxb5 Bg5 33. Bxg5 hxg5
34. Kb2 Qd8 35. Ka3 Qa8+ 36. Qa4 Qd8 37. Qa7 Qf6 38. Ka4 Kh7 39. Qd7 Qxf2 40.
Qxd6 Qa2+ 41. Kb5 Qxb3+ 42. Kxc5 Qe3+ 43. Kc6 Qxe4 44. Qc5 Qf3 45. Kc7 e4 46.
d6 e3 47. Qxg5 e2 48. Qh4+ Kg8 49. Qd8+ Kh7 50. Qh4+ Kg8 51. Qd8+ Kh7 52. Qh4+
Kg8 1/2-1/2

[Event "Elit(Kamraterna-LASK)"]
[Site "?"]
[Date "2010.02.06"]
[Round "7"]
[White "Akbarinia, Arash"]
[Black "Semcesen, Daniel"]
[Result "1/2-1/2"]
[WhiteElo "2349"]
[BlackElo "2489"]
[PlyCount "99"]

1. d4 e6 2. Nf3 b6 3. g3 Bb7 4. Bg2 f5 5. O-O Nf6 6. c4 g6 7. Re1 Bg7 8. b4 O-O
9. Bb2 a5 10. a3 Qe7 11. Qb3 Ne4 12. Ne5 d6 13. Nd3 Nd7 14. Qc2 axb4 15. axb4
Rxa1 16. Bxa1 c5 17. e3 d5 18. bxc5 bxc5 19. Nd2 Ra8 20. Bb2 dxc4 21. Nxc4 cxd4
22. Bxd4 Bxd4 23. exd4 Rc8 24. Qa4 Ndf6 25. Nce5 g5 26. Qa7 Ra8 27. Qb6 Ra6 28.
Qb2 Ra8 29. f3 Nd6 30. Nc5 Bd5 31. Ned3 Re8 32. Nb4 Qf7 33. Qc1 h6 34. Nxd5
Nxd5 35. Bf1 Qf6 36. Qb2 Kh8 37. Nd7 Qg7 38. Ne5 Qa7 39. Ra1 Qb8 40. Qa3 Kg7
41. Qa7+ Qxa7 42. Rxa7+ Re7 43. Ra6 Ne8 44. Bc4 Nef6 45. Kf2 h5 46. h4 gxh4 47.
gxh4 Nf4 48. Kg3 N4d5 49. Kf2 Nf4 50. Kg3 1/2-1/2

[Event "Elit(Kamraterna-LASK)"]
[Site "?"]
[Date "2010.02.06"]
[Round "7"]
[White "Bejtovic, Jasmin"]
[Black "Hamark, Jesper"]
[Result "1/2-1/2"]
[WhiteElo "2405"]
[BlackElo "2394"]
[PlyCount "34"]
[EventDate "2010.??.??"]

1. e4 e5 2. Nf3 Nc6 3. d4 exd4 4. Nxd4 Bc5 5. Nxc6 bxc6 6. Bd3 Qh4 7. O-O Nf6
8. Qf3 O-O 9. Nc3 d6 10. h3 Nd7 11. Be3 Ne5 12. Qe2 Bxh3 13. Bxc5 Bxg2 14. Kxg2
Qg5+ 15. Kh1 Qh4+ 16. Kg2 Qg5+ 17. Kh1 Qh4+ 1/2-1/2

[Event "Elit(Kamraterna-LASK)"]
[Site "?"]
[Date "2010.02.06"]
[Round "7"]
[White "Madebrink, Lars"]
[Black "Olsson, Linus"]
[Result "1-0"]
[WhiteElo "2262"]
[BlackElo "2351"]
[PlyCount "69"]
[SourceDate "2010.02.09"]

1. d4 d5 2. c4 Nc6 3. cxd5 Qxd5 4. e3 e5 5. Nc3 Bb4 6. Bd2 Bxc3 7. Bxc3 exd4 8.
Ne2 Bg4 9. f3 O-O-O 10. Nxd4 Nf6 11. fxg4 Rhe8 12. Nf5 g6 13. Qxd5 Nxd5 14. Nd4
Nxd4 15. Bxd4 Nxe3 16. Bxe3 Rxe3+ 17. Kf2 Re7 18. Bc4 Rd2+ 19. Kf3 Rxb2 20.
Rhe1 Kd8 21. Rxe7 Kxe7 22. Re1+ Kf8 23. Bb3 h6 24. Re4 Rd2 25. Rb4 b6 26. h4
Rd6 27. Rf4 Rd3+ 28. Ke4 Rd7 29. Ke5 c5 30. Bd5 b5 31. Bc6 Re7+ 32. Kd6 Re2 33.
Bd5 c4 34. Rxf7+ Ke8 35. Rxa7 1-0

[Event "Elit(Kamraterna-LASK)"]
[Site "?"]
[Date "2010.02.06"]
[Round "7"]
[White "Nilsson, Sebastian"]
[Black "Andersson, Michael"]
[Result "1-0"]
[WhiteElo "2381"]
[BlackElo "2223"]
[PlyCount "125"]

1. e4 d6 2. d4 c6 3. Nc3 Qc7 4. f4 e5 5. Nf3 Nd7 6. Bd3 Ngf6 7. Be3 Be7 8. Qd2
exd4 9. Nxd4 Nc5 10. O-O-O Bd7 11. h3 b5 12. e5 b4 13. Ncb5 cxb5 14. exf6 Bxf6
15. Nxb5 Nxd3+ 16. Qxd3 Bxb5 17. Qxb5+ Kf8 18. Rxd6 Rc8 19. Qd3 a5 20. Rd1 h5
21. Bb6 Qb7 22. Qb3 Be7 23. Qd5 Qb8 24. Bc5 Rxc5 25. Qxc5 Bxd6 26. Rxd6 Kg8 27.
Qd5 Kh7 28. Qxh5+ Kg8 29. Qd5 Kh7 30. Qd3+ g6 31. f5 Rg8 32. fxg6+ Rxg6 33.
Rxg6 fxg6 34. Qd7+ Kh6 35. Qd2+ Kh7 36. b3 Qe5 37. Kb1 Qe4 38. Kb2 Qe5+ 39. c3
g5 40. Qc2+ Kh6 41. a3 bxc3+ 42. Qxc3 Qe2+ 43. Qc2 Qe5+ 44. Kb1 Qd5 45. b4 axb4
46. axb4 Qb5 47. Qe4 Kg7 48. Kb2 Kh6 49. h4 gxh4 50. Qxh4+ Kg6 51. Qe4+ Kg5 52.
Kc3 Qa4 53. Kc4 Qa6+ 54. Kb3 Qf1 55. Qd5+ Kh6 56. b5 Qb1+ 57. Kc4 Qc2+ 58. Kd4
Qd2+ 59. Kc5 Qc3+ 60. Kb6 Qb4 61. Qc6+ Kg7 62. Kb7 Qa5 63. Qc7+ 1-0

[Event "Elit(Limhamn-Eksjo)"]
[Site "?"]
[Date "2010.02.06"]
[Round "7"]
[White "Gdanski, Jacek"]
[Black "Jepson, Christian"]
[Result "1-0"]
[WhiteElo "2574"]
[BlackElo "2463"]
[PlyCount "95"]
[EventDate "2010.??.??"]

1. Nf3 Nc6 2. d4 d5 3. g3 Bf5 4. Bg2 Nb4 5. Na3 e6 6. O-O Nf6 7. c3 Nc6 8. Qb3
Rb8 9. c4 Be4 10. e3 Bxa3 11. bxa3 O-O 12. Bd2 Re8 13. Rfd1 h6 14. Rac1 dxc4
15. Qxc4 Qd5 16. Qxd5 Bxd5 17. Rc2 Be4 18. Rc5 Rbd8 19. Rdc1 e5 20. Bc3 exd4
21. Nxd4 Bxg2 22. Kxg2 Ne4 23. Nxc6 Nxc5 24. Nxd8 Rxd8 25. Bxg7 Kxg7 26. Rxc5
c6 27. Rc2 Rd3 28. Kf3 Rxa3 29. Kf4 Rd3 30. e4 b6 31. Ke5 c5 32. f4 Rd4 33. g4
Kf8 34. h4 Ke7 35. g5 hxg5 36. hxg5 Rd3 37. f5 a5 38. Rb2 Rd6 39. Kf4 Kd7 40.
e5 Rc6 41. Ke4 Ke7 42. Kd5 Kd7 43. g6 fxg6 44. e6+ Kc7 45. f6 c4 46. f7 Rc5+
47. Kd4 c3 48. Rc2 1-0

[Event "Elit(Limhamn-Eksjo)"]
[Site "?"]
[Date "2010.02.06"]
[Round "7"]
[White "Brynell, Stellan"]
[Black "de Verdier, Michael"]
[Result "1-0"]
[WhiteElo "2565"]
[BlackElo "2356"]
[PlyCount "215"]
[SourceDate "2010.02.09"]

1. d4 Nf6 2. c4 e6 3. Nf3 Bb4+ 4. Bd2 c5 5. Bxb4 cxb4 6. e3 O-O 7. Be2 d6 8.
O-O a5 9. a3 Na6 10. axb4 Nxb4 11. Nc3 b6 12. Ne1 Ba6 13. Nc2 Nxc2 14. Qxc2 Rc8
15. Qb3 d5 16. cxd5 Bxe2 17. Nxe2 Nxd5 18. Nc3 Nb4 19. Rfd1 Qd6 20. h3 Rfd8 21.
Rac1 h6 22. Qa4 Qc6 23. Qa3 Qc4 24. Qa4 Nd5 25. Qxc4 Rxc4 26. Nxd5 exd5 27. b3
Rcc8 28. f3 Kf8 29. Kf2 Ke7 30. Ke2 Kd6 31. e4 f6 32. Kd3 Rf8 33. Re1 Rxc1 34.
Rxc1 Rf7 35. Rc8 Rd7 36. h4 Rc7 37. Rb8 dxe4+ 38. fxe4 Kc6 39. h5 Rd7 40. g4
Kc7 41. Rg8 Kc6 42. d5+ Kc5 43. Kc3 Rc7 44. Rb8 b5 45. Ra8 b4+ 46. Kd3 Kb6 47.
Kd4 Rc1 48. Rb8+ Kc7 49. Rg8 a4 50. Rxg7+ Kb6 51. Rf7 axb3 52. Rxf6+ Kb5 53.
Rf2 Rd1+ 54. Ke5 Kc4 55. d6 Kc3 56. g5 b2 57. Rxb2 Kxb2 58. g6 Ra1 59. g7 Ra8
60. Kf6 Kc1 61. Kf7 Ra7+ 62. Kf8 Ra8+ 63. Kf7 Ra7+ 64. Kg6 Ra8 65. Kh7 b3 66.
g8=Q Rxg8 67. Kxg8 b2 68. d7 b1=Q 69. d8=Q Qxe4 70. Qc7+ Kd2 71. Qd6+ Ke1 72.
Kg7 Qg4+ 73. Kxh6 Qg8 74. Qe5+ Kd1 75. Qg7 Qe6+ 76. Qg6 Qe7 77. Qf5 Qd6+ 78.
Kg5 Qe7+ 79. Kg4 Qg7+ 80. Kh4 Qe7+ 81. Qg5 Qe1+ 82. Qg3 Qh1+ 83. Kg4 Qe4+ 84.
Qf4 Qg2+ 85. Kf5 Qd5+ 86. Qe5 Qf7+ 87. Ke4 Qh7+ 88. Ke3 Qh6+ 89. Kf3 Qf8+ 90.
Qf4 Qa3+ 91. Kg2 Qa2+ 92. Kg3 Qa6 93. h6 Kc2 94. Qe4+ Kb2 95. h7 Qd6+ 96. Kg4
Qd7+ 97. Kf4 Qd2+ 98. Ke5 Qg5+ 99. Kd6 Qd8+ 100. Kc5 Qc7+ 101. Kd4 Qd7+ 102.
Ke3 Qh3+ 103. Kf2 Qh2+ 104. Kf1 Ka3 105. Qe3+ Ka4 106. Qd4+ Kb3 107. h8=Q Qg3
108. Qb2+ 1-0

[Event "Elit(Limhamn-Eksjo)"]
[Site "?"]
[Date "2010.02.06"]
[Round "7"]
[White "Vernersson, Per"]
[Black "Ahlander, Bjorn"]
[Result "1-0"]
[WhiteElo "2443"]
[BlackElo "2520"]
[PlyCount "79"]

1. d4 Nf6 2. c4 e6 3. g3 d5 4. Nf3 dxc4 5. Qa4+ Nc6 6. Qxc4 Bd6 7. Bg2 O-O 8.
O-O e5 9. d5 Ne7 10. Nc3 a6 11. a3 b5 12. Qd3 Bb7 13. e4 Ng6 14. Rd1 Qe7 15.
Nd2 c6 16. dxc6 Bxc6 17. Nb3 Rad8 18. Qe2 h6 19. Be3 Rfe8 20. Rd2 Bd7 21. Na5
Rc8 22. Qd3 Bc5 23. Bxc5 Rxc5 24. Qd6 Qxd6 25. Rxd6 Bc8 26. Rad1 Kf8 27. f3 Ne7
28. Kf2 Rc7 29. Ke3 Rd7 30. Rxd7 Bxd7 31. Rd6 Ra8 32. Bf1 Nc8 33. Rd2 Ke7 34.
Na2 Nb6 35. Nb4 Rc8 36. Nd3 Be8 37. Nxe5 Rc1 38. Be2 Na4 39. Nd3 Rc7 40. Nb4
1-0